00244nam a2200097 a 450000500170000000800410001705000220005824500360008065000120011665000180012820140414093834.0030611s19uu xx 00 eng d aCDR 030bEnc 1996 aEncyclopaedia Britannica :b97. aCD-ROM. aEncyclopedia.